Statistics for Irish Musicians by Song

Click here to take the quiz!

General Stats

  • This quiz has been taken 34 times
  • The average score is 8 of 20

Answer Stats

Hint Answer % Correct
Beautiful Dayu2
87%
Nothing Compares to USinead O'Connor
84%
The Boys are Back in TownThin Lizzy
74%
LingerThe Cranberries
71%
Brown Eyed GirlVan Morrison
71%
Take Me to ChurchHozier
68%
Chasing CarsSnow Patrol
61%
Dirty Old TownThe Pogues
58%
BreathlessThe Corrs
42%
CannonballDamien Rice
35%
Falling SlowlyGlen Hansard
23%
JulyMundy
16%
Bad PennyRory Gallagher
16%
Burn Baby BurnAsh
10%
Comeback GirlRepublic of Loose
10%
Rocky Took a LoverBell X1
10%
Saints & SinnersPaddy Casey
10%
LilleLisa Hannigan
6%
Only ShallowMy Bloody Valentine
3%
HeydayMic Christopher
3%

Score Distribution

Percentile by Number Answered

Percent of People with Each Score

Your Score History

You have not taken this quiz